[Event "Turkish Super League 2019"]
[Site "Konya"]
[Date "2019.07.18"]
[Round "2"]
[White "Samani, Yamac"]
[Black "Gunduz, Umut Erdem"]
[Result "1-0"]
[WhiteElo "2266"]
[BlackElo "2261"]
[Annotator "NA"]
[PlyCount "68"]
[EventDate "2019.07.17"]
[EventType "team-tourn"]
[EventCountry "TUR"]
[SourceTitle "playchess.com"]
[Source "ChessBase"]
[SourceQuality "1"]
[TimeControl "40/5400+30:1800+30"]

1. e4 c6 2. d4 d5 3. Nc3 dxe4 4. Nxe4 Nf6 5. Nxf6+ exf6 6. c3 Bd6 7. Bd3 O-O 8. Qc2 Re8+ 9. Ne2 g6 10. Be3 Be6 11. h4 f5 12. h5 Qf6 13. hxg6 fxg6 14. O-O-O f4 15. Bd2 Nd7 16. Rh6 Nf8 17. Rdh1 Bd5 18. R1h4 f3 19. gxf3 Bxf3 20. Ng3 Qf7 21. Rxh7 Nxh7 22. Bxg6 Qf6 23. Bxh7+ Kf8 24. Nf5 Bc7 25. Rh6 Qf7 26. Bg6 Qg8 27. Qd3 Bg4 28. Bxe8 Kxe8 29. Qe4+ Kd7 30. Qe7+ Kc8 31. Rf6 {[%emt 1:41:33]} Qd8 {[%emt 1:44:15]} 32. Rf8 {[%emt 0:00:30]} Bxf5 {[%emt 0:00:30]} 33. Qf7 {[%emt 0:00:30]} Bd7 {[%emt 0:00:30]} 34. Bg5 {[%emt 0:00:30]} b6 {[%emt 0:00:30]} 1-0

[Event "Turkish Super League 2019"]
[Site "Konya"]
[Date "2019.07.18"]
[Round "2"]
[White "Demircioglu, Emre"]
[Black "Yurtseven, Melih"]
[Result "0-1"]
[WhiteElo "2242"]
[BlackElo "2381"]
[Annotator "TA"]
[PlyCount "174"]
[EventDate "2019.07.17"]
[EventType "team-tourn"]
[EventCountry "TUR"]
[SourceTitle "playchess.com"]
[Source "ChessBase"]
[SourceQuality "1"]

{[%evp 17,176,6,3,-2,7,-7,-7,-4,0,-9,0,0,0,0,0,0,0,0,28,40,47,27,41,41,44,41,57,37,47,22,23,9,22,4,22,25,18,16,33,24,32,23,34,35,48,23,24,0,2,0,18,-7,0,-76,-80,-83,-68,-72,-73,-64,-69,-171,-87,-137,-145,-153,-150,-237,-254,-252,-247,-248,-244,-232,-203,-297,-225,-319,-319,-382,-386,-410,-381,-397,0,-246,0,-361,-363,-413,-388,-382,-462,-451,-314,-481,-491,-478,-478,-464,-464,-449,-421,-442,-401,-390,-354,-350,-321,-321,0,-321,0,-321,-97,-96,-97,-400,-100,-400,-392,-392,-372,-356,-315,-315,-147,-1030,-968,-939,-903,-1029,-433,-1021,-855,-694,-989,-829,-931,-1037,-1003,-29966,0,-5185,0,-29961,-29963,-6203,-5510,-9915,-5206,-12845,-11383,-29985,-29984,-29986,-29987,-29985,-29979,-29990,-29981]} 1. d4 Nf6 2. c4 e6 3. Nf3 c5 4. e3 g6 5. Nc3 Bg7 6. Be2 O-O 7. O-O b6 8. b3 Bb7 9. Bb2 Qe7 10. Qd2 {A30: Symmetrical English: Double Fianchetto and Hedgehog} d6 11. Rfd1 Rd8 12. Rac1 {The position is equal.} Na6 $146 ({Predecessor:} 12... Nbd7 13. h3 a6 14. dxc5 Nxc5 15. b4 Nce4 16. Qc2 e5 17. Nxe4 Nxe4 {0-1 (39) Kallai,G (2475)-Berkes,F (2653) Hungary 2018}) 13. a3 Rac8 14. Nb5 Ba8 15. d5 exd5 16. cxd5 Nb8 17. a4 Re8 18. Bc4 h6 19. Qc2 a6 20. Nc3 Bb7 21. Qe2 Qd8 22. h3 Rc7 23. Nh2 Rce7 24. Ng4 Nxg4 25. Qxg4 Nd7 26. Qe2 Qa8 27. Qd2 Nf6 28. Re1 h5 29. Rcd1 h4 30. Qc2 Bc8 31. Bc1 Bf5 32. Bd3 (32. Qd2 {looks sharper.} Qc8 33. Qe2 Ra7 34. Bb2 Qb7 35. Qd2) 32... Bxd3 33. Qxd3 Nd7 34. Bb2 Qb7 35. e4 {[#]} (35. Qc4 $11) 35... b5 $1 $17 {[%cal Rb5b4][%mdl 512]} 36. axb5 axb5 37. Qc2 {[#]} f5 $1 {[%mdl 512]} 38. f3 (38. exf5 Rxe1+) 38... Nf6 39. Re2 (39. Nb1 $15) 39... b4 (39... Nh5 $1 $19 40. exf5 Rxe2 41. Nxe2 Bxb2 42. Qxb2 Qe7) 40. Na4 fxe4 41. Bxf6 Bxf6 42. Rxe4 (42. fxe4 $17 {is the only way for White.} Bd4+ 43. Kh1) 42... Rxe4 $19 43. fxe4 Kg7 44. Nb2 Bd4+ 45. Kh1 Qe7 $1 46. Re1 (46. Nc4 $142) 46... Rf8 {...Rf2! is the strong threat.} 47. Nc4 (47. Qb1 $142) 47... Rf2 48. Qc1 Qf6 49. Rg1 Rf4 50. Re1 Rf2 {aiming for ...Rxg2!} 51. Rg1 $1 Rf4 (51... Qf8 $142 52. Qb1 Qf7) 52. Re1 Bc3 53. Rd1 Rxe4 54. Rf1 Qe7 55. Qd1 Bd4 56. Qf3 (56. Nd2 {only move.} Re2 57. Nf3) 56... Re1 57. Kh2 Be5+ 58. Kg1 Bg3 59. Kh1 Rxf1+ 60. Qxf1 Qf6 {[%cal Rf6f1]} 61. Qd1 Qc3 62. Kg1 Kf6 63. Kf1 Kg7 64. Kg1 Qf6 65. Kh1 Qd4 $2 (65... g5 $19 66. Qc1 Qf5 67. Qa1+ Kg6) 66. Qxd4+ $17 cxd4 {[%mdl 4096] Endgame KB-KN} 67. Kg1 $2 {[%mdl 8192] [#]} (67. Nb2 $17 {was the crucial defense.}) 67... Kf6 $2 (67... d3 $1 $19 {has better winning chances. White must now prevent ...Kf6.} 68. Kf1 Kf6) 68. Kf1 $2 {[%mdl 8192]} (68. Nb2 $17 {was forced.}) 68... d3 $19 69. Nb2 d2 70. Ke2 Be5 71. Nc4 Bc3 (71... Bf4 $19 {and Black stays clearly on top.} 72. Nb2 Kf5) 72. Nxd6 $2 {[%mdl 8192]} (72. Kd1 $17) 72... Ke5 {[%mdl 64] Double Attack} 73. Nc8 g5 74. d6 Ke6 75. Ne7 (75. Nb6 $142 Kxd6 76. Nc4+ Ke6 77. Ne3) 75... Kxd6 76. Nf5+ Ke5 77. Ne3 Kf4 78. Nd5+ Kg3 79. Ne3 Kf4 $2 (79... Kh2 {mates} 80. Kd1 Kg3 81. Ke2 Bd4 82. Nc2 Bc5 83. Kxd2 Kxg2 84. Kd3 Kxh3 85. Kc4 g4 86. Kxc5 g3 87. Ne3 g2 88. Nxg2 Kxg2 89. Kxb4 h3 90. Kb5 h2 91. b4 h1=Q 92. Kc5 Qh5+ 93. Kc6 Qe8+ 94. Kb6 Qb8+ 95. Kc5 Qc7+ 96. Kd5 Qb6 97. Ke5 Qxb4 98. Ke6 Kf3 99. Ke5 Qc5+ 100. Ke6 Kf4 101. Kf6 Qe5+ 102. Kf7 Kf5 103. Kg8 Kf6 104. Kh8 Kg6+ 105. Kg8 Qg7#) 80. Nc4 $2 {[%mdl 8192] [#]} (80. Nd5+ $11 Kg3 81. Nxc3 bxc3 82. b4) 80... Kg3 (80... d1=Q+ $1 $19 {[%mdl 512]} 81. Kxd1 Kg3) 81. Ne3 Kh2 82. Kf3 Kg1 83. Ke2 Bd4 {( -> ...Bxe3)} 84. Nf5 Ba7 85. g3 {[#]} g4 $1 {[%mdl 512] Black mates.} 86. Nxh4 (86. hxg4 h3) 86... gxh3 87. g4 d1=Q+ {Played: Ba7-e3} 0-1

[Event "Turkish Super League 2019"]
[Site "Konya"]
[Date "2019.07.18"]
[Round "2"]
[White "Aydin, Hakan Arda"]
[Black "Dolgun, Can"]
[Result "1/2-1/2"]
[WhiteElo "1956"]
[BlackElo "2064"]
[Annotator "NA"]
[PlyCount "61"]
[EventDate "2019.07.17"]
[EventType "team-tourn"]
[EventCountry "TUR"]
[SourceTitle "playchess.com"]
[Source "ChessBase"]
[SourceQuality "1"]
[TimeControl "40/5400+30:1800+30"]

1. d4 {[%emt 0:00:30]} Nf6 {[%emt 0:00:30]} 2. Bg5 {[%emt 0:00:00]} d5 {[%emt 0:00:00]} 3. Bxf6 {[%emt 0:01:00]} exf6 {[%emt 0:00:00]} 4. e3 {[%emt 0:00:00]} Be6 {[%emt 0:00:00]} 5. Nf3 {[%emt 0:00:00]} Bd6 {[%emt 0:00:00]} 6. c4 {[%emt 0:01:30]} dxc4 {[%emt 0:01:30]} 7. Nc3 {[%emt 0:02:30]} c6 {[%emt 0:00:30]} 8. e4 {[%emt 0:04:30]} O-O {[%emt 0:02:30]} 9. Be2 {[%emt 0:03:30]} Bb4 {[%emt 0:03:30]} 10. O-O {[%emt 0:05:30]} Bxc3 {[%emt 0:03:30]} 11. bxc3 {[%emt 0:00:30]} b5 {[%emt 0:00:30]} 12. Qc2 {[%emt 0:05:30]} Qc8 {[%emt 0:02:30]} 13. Nh4 {[%emt 0:04:30]} Nd7 {[%emt 0:07:30]} 14. f4 {[%emt 0:09:30]} f5 {[%emt 0:00:30]} 15. d5 {[%emt 0:07:30]} cxd5 {[%emt 0:01:30]} 16. exf5 {[%emt 0:00:30]} d4 {[%emt 0:06:30]} 17. fxe6 {[%emt 0:01:30]} d3 {[%emt 0:00:30]} 18. Bxd3 {[%emt 0:03:30]} cxd3 {[%emt 0:00:30]} 19. exd7 {[%emt 0:01:30]} dxc2 {[%emt 0:00:30]} 20. dxc8=Q {[%emt 0:00:00]} Raxc8 {[%emt 0:00:30]} 21. Rac1 {[%emt 0:02:00]} Rxc3 {[%emt 0:00:30]} 22. Rf2 {[%emt 0:00:30]} Rfc8 {[%emt 0:01:30]} 23. Nf5 {[%emt 0:01:30]} Kf8 {[%emt 0:01:30]} 24. Nd6 {[%emt 0:01:30]} Rd8 {[%emt 0:04:30]} 25. Nxb5 {[%emt 0:00:30]} Rc5 {[%emt 0:00:30]} 26. Na3 {[%emt 0:02:30]} Rd1+ {[%emt 0:02:30]} 27. Rf1 {[%emt 0:04:30]} Rd2 {[%emt 0:01:30]} 28. h3 {[%emt 0:16:30]} a6 {[%emt 0:01:30]} 29. Rf2 {[%emt 0:02:02]} Rd1+ {[%emt 0:00:30]} 30. Rf1 {[%emt 0:00:08]} Rd2 {[%emt 0:00:00]} 31. Rf2 {[%emt 0:00:20]} 1/2-1/2

[Event "Turkish Super League 2019"]
[Site "Konya"]
[Date "2019.07.18"]
[Round "2"]
[White "Ayan, Bengu Sena"]
[Black "Tezcan, Emre"]
[Result "1/2-1/2"]
[WhiteElo "1885"]
[BlackElo "2082"]
[Annotator "NA"]
[PlyCount "176"]
[EventDate "2019.07.17"]
[EventType "team-tourn"]
[EventCountry "TUR"]
[SourceTitle "playchess.com"]
[Source "ChessBase"]
[SourceQuality "1"]
[TimeControl "40/5400+30:1800+30"]

1. d4 Nf6 2. c4 e6 3. Nf3 d5 4. g3 Be7 5. Bg2 O-O 6. O-O Nbd7 7. Qc2 Ne4 8. Nc3 Nxc3 9. Qxc3 Nf6 10. Nd2 Bd7 11. e4 dxe4 12. Nxe4 Bc6 13. Qd3 Nxe4 14. Bxe4 Bxe4 15. Qxe4 c6 16. Rd1 Qd7 17. Be3 Rfd8 18. Rd2 Qc7 19. Rad1 Bf6 20. Bf4 Qa5 21. a3 Qa4 22. Qe2 Qb3 23. Be5 Be7 24. Rc1 Rd7 25. Rc3 Qb6 26. Qg4 g6 27. Rcd3 Rad8 28. h4 Bf8 29. Bf6 Re8 30. h5 Bg7 31. Qh4 Bxf6 32. Qxf6 Qd8 33. Qe5 f6 34. Qe2 Kf7 35. Qf3 Qa5 36. hxg6+ hxg6 37. d5 {[%emt 1:46:52]} exd5 {[%emt 1:39:27]} 38. cxd5 {[%emt 0:00:30]} cxd5 {[%emt 0:00:30]} 39. Rxd5 {[%emt 0:00:30]} Rxd5 {[%emt 0:00:30]} 40. Rxd5 {[%emt 0:00:30]} Qe1+ {[%emt 0:00:30]} 41. Kg2 {[%emt 0:30:30]} Rh8 {[%emt 0:30:30]} 42. Rd7+ {[%emt 0:00:30]} Ke8 {[%emt 0:00:30]} 43. Rd8+ {[%emt 0:00:30]} Kxd8 {[%emt 0:00:30]} 44. Qxf6+ {[%emt 0:00:30]} Kc7 {[%emt 0:00:30]} 45. Qxh8 {[%emt 0:00:30]} Qe4+ {[%emt 0:00:30]} 46. Kh2 {[%emt 0:00:00]} Kb6 {[%emt 0:00:00]} 47. Qf6+ {[%emt 0:00:00]} Ka5 {[%emt 0:00:00]} 48. Qd8+ {[%emt 0:00:00]} b6 {[%emt 0:00:00]} 49. Qd7 {[%emt 0:00:00]} Ka6 {[%emt 0:00:00]} 50. Qc8+ {[%emt 0:00:00]} Kb5 {[%emt 0:00:00]} 51. Qd7+ {[%emt 0:00:00]} Ka6 {[%emt 0:00:00]} 52. Qd2 {[%emt 0:00:00]} Kb5 {[%emt 0:00:00]} 53. Qe3 {[%emt 0:00:00]} Qc2 {[%emt 0:00:00]} 54. Qd4 {[%emt 0:00:00]} a5 {[%emt 0:00:00]} 55. Kh3 {[%emt 0:00:00]} Qe2 {[%emt 0:00:00]} 56. Kg2 {[%emt 0:03:06]} g5 {[%emt 0:00:00]} 57. a4+ {[%emt 0:01:27]} Kc6 {[%emt 0:00:00]} 58. Qf6+ {[%emt 0:00:51]} Kc7 {[%emt 0:00:00]} 59. Qf7+ {[%emt 0:01:28]} Kd6 {[%emt 0:00:00]} 60. Qf6+ {[%emt 0:00:17]} Kc7 {[%emt 0:00:00]} 61. Qxg5 {[%emt 0:01:05]} Qxb2 {[%emt 0:00:00]} 62. Qf4+ {[%emt 0:00:26]} Kc6 {[%emt 0:00:12]} 63. Qc4+ {[%emt 0:00:44]} Kd6 {[%emt 0:00:12]} 64. g4 {[%emt 0:01:18]} Qb4 {[%emt 0:00:07]} 65. Qd3+ {[%emt 0:00:00]} Kc7 {[%emt 0:03:16]} 66. Qc2+ {[%emt 0:00:20]} Kb7 {[%emt 0:00:19]} 67. f3 {[%emt 0:00:21]} b5 {[%emt 0:00:31]} 68. axb5 {[%emt 0:00:30]} Qxb5 {[%emt 0:00:05]} 69. Qe4+ {[%emt 0:00:40]} Qc6 {[%emt 0:00:48]} 70. Qe7+ {[%emt 0:00:08]} Qc7 {[%emt 0:00:16]} 71. Qe4+ {[%emt 0:01:05]} Qc6 {[%emt 0:00:01]} 72. Qh7+ {[%emt 0:00:36]} Qc7 {[%emt 0:00:12]} 73. Qf5 {[%emt 0:00:21]} Kb6 {[%emt 0:01:36]} 74. g5 {[%emt 0:00:31]} a4 {[%emt 0:00:19]} 75. Qf6+ {[%emt 0:00:20]} Qc6 {[%emt 0:01:27]} 76. Qd4+ {[%emt 0:00:42]} Qc5 {[%emt 0:00:50]} 77. Qxa4 {[%emt 0:00:39]} Qxg5+ {[%emt 0:00:04]} 78. Kf2 {[%emt 0:00:14]} Kc7 {[%emt 0:01:04]} 79. Qd4 {[%emt 0:00:21]} Kc6 {[%emt 0:01:27]} 80. f4 {[%emt 0:00:16]} Qh4+ {[%emt 0:01:24]} 81. Kf3 {[%emt 0:00:15]} Qh3+ {[%emt 0:01:32]} 82. Ke4 {[%emt 0:00:19]} Qh7+ {[%emt 0:00:30]} 83. f5 {[%emt 0:00:37]} Qh4+ {[%emt 0:00:24]} 84. Ke5 {[%emt 0:00:24]} Qxd4+ {[%emt 0:00:07]} 85. Kxd4 {[%emt 0:00:07]} Kd6 {[%emt 0:00:01]} 86. Ke4 {[%emt 0:00:41]} Ke7 {[%emt 0:00:01]} 87. Ke5 {[%emt 0:00:07]} Kf7 {[%emt 0:00:01]} 88. f6 {[%emt 0:00:09]} Kf8 {[%emt 0:00:02]} 1/2-1/2

[Event "Turkish Super League 2019"]
[Site "Konya"]
[Date "2019.07.19"]
[Round "3"]
[White "Tomashevsky, Evgeny"]
[Black "Sanal, Vahap"]
[Result "1-0"]
[WhiteElo "2702"]
[BlackElo "2520"]
[Annotator "TA"]
[PlyCount "133"]
[EventDate "2019.07.17"]
[EventType "team-tourn"]
[EventCountry "TUR"]
[SourceTitle "playchess.com"]
[Source "ChessBase"]
[SourceQuality "1"]

{[%evp 18,133,23,15,6,3,6,7,5,0,0,0,0,0,0,0,0,0,0,0,32,21,51,51,28,36,44,33,61,62,61,23,61,61,60,42,64,61,72,72,72,72,72,72,72,0,72,72,72,64,72,0,72,72,66,67,76,64,66,64,139,149,143,114,113,113,113,113,114,116,138,132,138,138,125,127,190,189,228,256,256,138,172,0,256,8,256,9,9,0,256,256,256,256,642,642,587,319,297,282,398,397,622,604,614,412,412,412,560,550,472,397,371,371,353,344,599,570]} 1. Nf3 Nf6 2. c4 e6 3. g3 d5 4. Bg2 Be7 5. O-O O-O 6. d4 dxc4 7. Qc2 a6 8. a4 Bd7 9. Qxc4 Bc6 10. Bf4 Bd6 {E05: Open Catalan: 5 Nf3 Be7} 11. Qc1 a5 (11... Bd5 12. Nc3 Nc6 13. Rd1 Nb4 14. Bg5 Be7 15. Nxd5 exd5 16. a5 Nc6 17. Ne5 Na7 18. Nd3 Nb5 19. Ra4 c6 20. Qc2 Re8 21. Bc1 Rc8 {½-½ (21) Fedoseev,V (2714)-Aronian,L (2765) Germany 2019}) 12. Bd2 Nbd7 {The position is equal.} 13. Nc3 Bb4 14. Rd1 $146 ({Predecessor:} 14. Qc2 Qe7 15. Rac1 Rfd8 16. Rfe1 Bxf3 17. Bxf3 c6 18. Rcd1 {½-½ (28) Holroyd,K (2481)-Reinhart,K (2472) ICCF email 2014}) 14... Qe7 15. Qc2 Rfd8 16. Be1 h6 17. e3 Rac8 18. Qe2 Bxf3 19. Bxf3 c6 20. Na2 {[%cal Bc3a2,Ba2c1,Bc1d3][%mdl 32]} Bxe1 21. Qxe1 Ra8 22. b4 Nb6 23. bxa5 Nc4 24. Nc1 (24. Nb4 $5 {[%cal Ra5a6]}) 24... Nxa5 25. Nd3 Nd5 26. Rdb1 Ra7 27. Qc1 Rda8 28. Ra2 Rd8 29. Rc2 Qc7 30. Rcb2 Qe7 31. Rc2 Qc7 $1 32. Kg2 Nb6 33. Rb4 Nd5 34. Rb1 Nb6 $1 35. Nc5 Nd5 36. Qb2 Qe7 37. h4 b6 38. Nd3 b5 ({Better is} 38... Qd6 $14) 39. axb5 $16 cxb5 {...Nc4 would now be nice for Black.} 40. Ne5 f6 41. Nc6 Nxc6 42. Rxc6 b4 43. Bxd5 exd5 44. Qxb4 Qe4+ 45. Kg1 Rda8 46. Rbc1 Ra2 (46... h5 $16 47. Qb1 Kh7 48. Qxe4+ dxe4) 47. Qb1 $18 Qf3 48. Rc8+ Kf7 49. R8c7+ (49. R1c7+ $18 Ke6 50. Re8+ Rxe8 51. Qxa2) 49... Kg8 50. Rc8+ (50. Rf1 $142 {White threatens Qg6! and mate.} Kh8 51. Qb7) 50... Kf7 51. R1c7+ Ke6 {[#]} 52. Rc6+ $2 ({Only move:} 52. Re8+ $1 $18 Rxe8 53. Qxa2) 52... Kf7 $11 53. R6c7+ $2 (53. Qf1 $11 Rxc8 54. Rxc8) 53... Ke6 $18 {[#]} 54. Re8+ $1 $40 {[%mdl 128] White goes for the king.} Rxe8 55. Qxa2 {[%mdl 4096] Endgame KQR-KQR} g5 $2 (55... Re7 56. Rc5 Rd7) 56. Qc2 {Rc6+ would kill now.} Qe4 57. Qxe4+ dxe4 {KR-KR} 58. Rh7 gxh4 (58... Kf5 $142 59. Rxh6 Rb8) 59. gxh4 Rg8+ (59... Kf5 $142 60. Rxh6 Rg8+ 61. Kh2 Ke6) 60. Kh2 Rg6 61. h5 Rg5 62. Rxh6 Kf7 63. Kh3 Rf5 64. Kg3 Rf3+ 65. Kg2 {And now Rh7+ would win.} Rf5 66. Rh7+ Kf8 $2 (66... Kg8 {was necessary.} 67. Re7 Rg5+ 68. Kf1 Kf8) 67. h6 {Accuracy: White = 66%, Black = 58%.} 1-0

[Event "Turkish Super League 2019"]
[Site "Konya"]
[Date "2019.07.19"]
[Round "3"]
[White "Inarkiev, Ernesto"]
[Black "Abasov, Nijat"]
[Result "1/2-1/2"]
[WhiteElo "2693"]
[BlackElo "2641"]
[Annotator "TA"]
[PlyCount "135"]
[EventDate "2019.07.17"]
[EventType "team-tourn"]
[EventCountry "TUR"]
[SourceTitle "playchess.com"]
[Source "ChessBase"]
[SourceQuality "1"]

{[%evp 18,135,21,10,20,14,19,27,32,29,33,18,40,40,41,41,41,41,38,18,28,26,42,16,17,18,20,6,13,17,79,79,77,76,122,110,114,131,134,141,129,114,127,109,175,172,181,187,163,151,151,151,151,151,151,143,143,0,143,0,143,143,143,143,151,104,175,168,168,168,168,168,168,168,168,168,168,168,168,168,207,207,207,207,207,207,207,197,207,174,193,193,194,194,286,286,260,260,364,216,216,207,216,216,865,865,865,690,656,635,29978,29980,29980,29981,29981,29981,29980,29982,29982,29983]} 1. e4 e5 2. Nf3 Nc6 3. Bb5 Nf6 4. O-O Nxe4 5. d4 Nd6 6. Bxc6 dxc6 7. dxe5 Nf5 8. Qxd8+ Kxd8 9. Nc3 Ke8 10. b3 Be7 {C67: Ruy Lopez: Berlin Defence: 4 0-0 Nxe4} 11. Bb2 Nh4 12. Nd4 Nf5 {White has an edge.} 13. Nde2 (13. Nce2 Nxd4 14. Nxd4 c5 15. Nb5 Kd7 16. f4 Kc6 17. c4 {0-1 (56) Zherebukh,Y (2633)-Swiercz,D (2654) Saint Louis 2018}) 13... h5 $146 ({Predecessor:} 13... f6 14. Ne4 Kf7 15. Rad1 a5 16. Nf4 a4 17. exf6 gxf6 18. Nh5 axb3 19. axb3 {1-0 (78) Depasse,J (2284)-Mudra,O (2122) ICCF email 2012}) 14. Rad1 Bd7 15. Ne4 Rd8 16. Nf4 Rh6 17. Rfe1 Bc8 18. Rxd8+ Kxd8 19. f3 b6 20. Kf2 Bd7 21. c4 Kc8 22. g3 g5 23. Ne2 Be6 (23... g4 $11 {remains equal.}) 24. Bc1 $36 {[%mdl 2048] White is on the roll.} Rg6 25. h3 Nh6 26. g4 hxg4 27. hxg4 Bxg4 28. fxg4 Nxg4+ 29. Kg3 Nxe5 {Black wants to play ...f5.} 30. Nd4 Kb7 (30... Bd6 $16 {keeps fighting.}) 31. Nf5 $18 Bb4 32. Rd1 Kc8 33. Bxg5 f6 34. Kf4 Rxg5 35. Nxg5 Ng6+ 36. Kg4 Ne5+ 37. Kf4 Ng6+ 38. Kg4 Ne5+ 39. Kh5 fxg5 40. Kxg5 $16 {[%mdl 4096] Endgame KRN-KBN} a5 41. Nd4 {Strongly threatening Kf5.} Nf7+ (41... a4 $16 42. Kf5 (42. bxa4 c5 $16) 42... Bd6) 42. Kf6 $18 Nd8 43. Rd3 Ba3 44. Rd2 Bb4 45. Rc2 Kd7 46. Nf3 Be7+ 47. Kf5 Bd6 48. Rg2 a4 49. bxa4 Nb7 50. Nd4 Na5 51. Rc2 Bb4 52. Kf4 Nb7 53. Rg2 Na5 54. Rg7+ Kc8 55. Ke4 Bc3 (55... Nxc4 {was necessary.} 56. Nxc6 Bf8) 56. Rg8+ Kd7 57. Nb3 Bb4 58. Kd3 (58. Rg7+ $142 Kc8 59. Kd3) 58... Nb7 59. Ra8 Kd6 60. Ra7 Nc5+ $2 {[#]} (60... Na5 61. c5+ Kd5 62. Rxc7 Nxb3) 61. Nxc5 Kxc5 62. Rxc7 {KR-KB} Ba5 63. Rc8 Kb4 64. Rxc6 {White mates.} Kxa4 65. Rg6 Ka3 66. Rg5 Be1 67. Rb5 Bf2 68. Ke4 {[%mdl 32768] Accuracy: White = 70%, Black = 56%. . An unexpected result.} 1/2-1/2

[Event "Turkish Super League 2019"]
[Site "Konya"]
[Date "2019.07.19"]
[Round "3"]
[White "Saric, Ivan"]
[Black "Annaberdiev, Meilis"]
[Result "0-1"]
[WhiteElo "2681"]
[BlackElo "2515"]
[Annotator "TA"]
[PlyCount "76"]
[EventDate "2019.07.17"]
[EventType "team-tourn"]
[EventCountry "TUR"]
[SourceTitle "playchess.com"]
[Source "ChessBase"]
[SourceQuality "1"]

{[%evp 13,76,32,23,24,20,25,25,16,38,30,54,38,56,0,10,6,8,0,9,0,0,0,0,0,0,0,0,0,0,-21,-26,-41,-30,-54,-10,-82,-104,-119,-127,-78,-43,-314,0,-279,-266,-412,-314,-620,-199,-580,-635,-607,-585,-906,-631,-913,-890,-29986,-29987,-29987,-29988,-29988,-29989,-29989,-29990]} 1. e4 e5 2. Nf3 Nc6 3. Bb5 a6 4. Ba4 Nf6 5. O-O Bc5 6. c3 O-O 7. d4 Ba7 8. Re1 {C78: Ruy Lopez: Archangelsk and Möller Defences} (8. dxe5 Nxe4 9. Bc2 d5 10. exd6 Nxd6 11. Bg5 f6 12. Bf4 g5 13. Bxd6 Qxd6 14. Qxd6 cxd6 15. Nbd2 g4 {0-1 (73) Vallejo Pons,F (2693)-Carlsen,M (2845) Karlsruhe/Baden Baden 2019}) 8... b5 9. Bc2 d6 10. h3 {White has an edge.} h6 11. Be3 Bb7 12. Nbd2 Re8 13. d5 Ne7 {[%cal Bc6e7,Be7g6,Bg6f4][%mdl 32]} 14. Bxa7 Rxa7 15. a4 Ra8 $146 ({Predecessor:} 15... bxa4) 16. b4 c6 17. dxc6 Bxc6 18. c4 Ng6 19. cxb5 axb5 20. a5 Nf4 21. Kh2 Qd7 22. Nb3 Rad8 23. Qc1 g5 24. Re3 (24. Qd2 $11) 24... g4 $17 25. Nh4 gxh3 26. gxh3 Kh8 $36 {[%mdl 2048] Strongly threatening ...Ng4+! Black has the initiative.} 27. Rf3 $2 {[%mdl 8192] [#]} ({White should play} 27. Nd4 $1 $15) 27... N6h5 $2 ({But not} 27... Nxe4 $2 28. Rxf4 exf4 29. Qxf4 $18) (27... Ng4+ $1 $19 {[%mdl 512]} 28. Kh1 (28. hxg4 Qxg4 29. Rxf4 exf4 $17) 28... Nxh3 $1 {[%mdl 512]}) 28. Nf5 $2 {[%mdl 8192]} (28. Ng2 $11) 28... Rg8 $19 29. Nbd4 (29. Qh1 {was necessary.}) 29... Ba8 30. Qd2 $2 (30. Bd3 Rc8 31. Qd2) 30... Rg2+ 31. Kh1 Rdg8 32. Rd1 R8g5 33. Qe3 f6 34. Ne2 {[%cal Re2f4] [#]} Rxf5 $1 {[%mdl 512]} 35. exf5 {[#]} Qg7 $1 {Black mates.} 36. Ng3 Nxg3+ 37. fxg3 Bxf3 38. Qxf3 Rxg3 {[%mdl 64] Double Attack. Accuracy: White = 41%, Black = 79%.} 0-1

[Event "Turkish Super League 2019"]
[Site "Konya"]
[Date "2019.07.19"]
[Round "3"]
[White "Kuzubov, Yuriy"]
[Black "Nihal Sarin"]
[Result "1/2-1/2"]
[WhiteElo "2671"]
[BlackElo "2610"]
[Annotator "TA"]
[PlyCount "67"]
[EventDate "2019.07.17"]
[EventType "team-tourn"]
[EventCountry "TUR"]
[SourceTitle "playchess.com"]
[Source "ChessBase"]
[SourceQuality "1"]

{[%evp 11,67,0,0,0,-4,-11,-11,-27,-22,-23,-17,-17,-7,-8,-17,-13,-11,-9,5,-22,-9,-15,-2,-21,0,0,0,0,0,0,0,0,0,0,0,-8,-12,-8,0,0,0,0,0,0,0,0,0,0,0,0,0,1,11,0,2,2,10,0]} 1. d4 Nf6 2. Bf4 b6 3. Nf3 Bb7 4. c4 e6 5. e3 Bb4+ 6. Nbd2 O-O 7. a3 {E12: Queen's Indian: Unusual White 4th moves, 4 a3, 4 Nc3 Bb7 5 a3 and 4 Nc3 Bb7} (7. Be2 d5 8. O-O Nbd7 9. Rc1 c5 10. cxd5 Nxd5 11. Bd6 Re8 12. Nc4 b5 13. Nce5 Nxe5 14. dxe5 c4 {0-1 (56) Nabaty,T (2597)-Navara,D (2728) Baku 2015}) 7... Be7 8. h3 c5 9. Be2 $146 ({Predecessor:} 9. Rc1 d5 10. cxd5 Nxd5 11. Bg3 Nf6 12. dxc5 Bxc5 13. Bb5 a6 14. Be2 Bd6 15. Bxd6 Qxd6 {½-½ (69) Nabaty,T (2622)-Babula,V (2540) Pardubice 2016}) 9... cxd4 10. exd4 d5 11. O-O {The position is equal.} Nbd7 12. Rc1 Rc8 13. Qb3 dxc4 14. Nxc4 a6 15. a4 Nd5 16. Bd2 N7f6 17. Bd3 Rb8 18. Nce5 a5 19. Nc6 Bxc6 $1 20. Rxc6 Rc8 21. Rxc8 Qxc8 22. Rc1 Qa8 23. Qc4 h6 24. Qc6 Bb4 (24... Qb8 {seems wilder.} 25. Qc4 Bd6 26. Rc2 Re8 27. Qa6 Bc7) 25. Qxa8 Rxa8 26. Be3 Ne7 27. Kf1 Nfd5 28. Ke2 f6 29. Nd2 Rc8 30. Rxc8+ Nxc8 31. Nc4 Nd6 32. Nxd6 Bxd6 33. Bc4 Kf7 34. Bxd5 {Accuracy: White = 64%, Black = 81%.} 1/2-1/2